History Quiz

Random History Quiz
Score 0/20 Timer 06:00
0 Plays Today
State Senator % Correct
CaliforniaDianne Feinstein
96%
MassachusettsElizabeth Warren
95.2%
CaliforniaBarbara Boxer
94.4%
MissouriClaire McCaskill
86.3%
New YorkKirsten Gillibrand
85.5%
AlaskaLisa Murkowski
83.9%
MaineSusan Collins
83.9%
MichiganDebbie Stabenow
83.1%
LouisianaMary Landrieu
82.3%
MarylandBarbara Mikulski
82.3%
State Senator % Correct
WisconsinTammy Baldwin
82.3%
New HampshieKelly Ayotte
79.8%
WashingtonPatty Murray
75%
New HampshireJeanne Shaheen
74.2%
North CarolinaKay Hagan
74.2%
North DakotaHeidi Heitkamp
74.2%
HawaiiMazie Hirono
70.2%
WashingtonMaria Cantwell
68.5%
MinnesotaAmy Klobuchar
66.9%
NebraskaDeb Fischer
61.3%
Remove Ads.
Support Sporcle.
Get the best of Sporcle when you Go Orange. This ad-free experience offers more features, more stats, and more fun while also helping to support Sporcle. Thank you for becoming a member.

You're not logged in!

Compare scores with friends on all Sporcle quizzes.
OR
Log In

Sporcle TV

Today on Sporcle TV


Watch our educational content, quiz creation guides, and fun videos on Sporcle TV.

Show Comments

Extras

Top Quizzes Today


Score Distribution

Paid Content

Your Account Isn't Verified!

In order to create a playlist on Sporcle, you need to verify the email address you used during registration. Go to your Sporcle Settings to finish the process.

Report this User

Report this user for behavior that violates our Community Guidelines.

Details: